Normal view
MARC view
Entry Topical Term
001 - CONTROL NUMBER
- control field: 2626
003 - CONTROL NUMBER IDENTIFIER
- control field: ARRUPE
005 - DATE AND TIME OF LATEST TRANSACTION
- control field: 20131022163641.0
008 - FIXED-LENGTH DATA ELEMENTS
- fixed length control field: 131022|| aca||aabn | a|a d
040 ## - CATALOGING SOURCE
- Original cataloging agency: ARRUPE
- Transcribing agency: ARRUPE
150 ## - HEADING--TOPICAL TERM
- Topical term or geographic name as entry element: Eschatology.
670 ## - SOURCE DATA FOUND
- Source citation: Work cat.: (ARRUPE)0: Wainwright, Geoffrey, 1939- 2624, Eucharist and eschatology /, 1981.